000 00738nam a2200181 i 4500
001 53905
003 ES-MaACL
005 20230906162842.0
007 t|
008 960708s1874 sp ||||1| spa d
110 2 _aInstituto del Noviciado (Madrid)
_9176003
245 1 0 _aMemoria acerca del estado del Instituto del Noviciado de Madrid durante el curso de 1873 a 1874 :
_bleída en el acto solemne de la apertura del curso de 1874 a 1875 /
_cpor Mariano Fernández y Rodríguez.
260 _aMadrid :
_b[s.n.],
_c1874 (
_fImp. de Segundo Martínez)
300 _a31 p. ;
_c23 cm.
610 2 _aInstituto del Noviciado (Madrid)-
_vMemorias.
_9159408
700 1 _aFernández y Rodríguez, Mariano.
_950191
852 4 _aES-MaACL
_jT-187-F-6
999 _c53905
_d53905